Fundamentos de administración / (Record no. 172839)
[ view plain ]
| 000 -CABECERA | |
|---|---|
| campo de control de longitud fija | 01100nam a2200313Ia 4500 |
| 001 - NÚMERO DE CONTROL | |
| campo de control | dia_2317 |
| 003 - IDENTIFICADOR DEL NÚMERO DE CONTROL | |
| campo de control | CHAP |
| 005 - FECHA Y HORA DE LA ÚLTIMA TRANSACCIÓN | |
| campo de control | 20251027153206.0 |
| 008 - DATOS DE LONGITUD FIJA--INFORMACIÓN GENERAL | |
| campo de control de longitud fija | 220117s1980 xx 000 0 und d |
| 010 ## - NÚMERO DE CONTROL DE LA BIBLIOTECA DEL CONGRESO | |
| Número de control de LC | 172839 |
| 020 ## - NÚMERO INTERNACIONAL ESTÁNDAR DEL LIBRO | |
| Número Internacional Estándar del Libro | 968-25-0707-6 |
| 040 ## - FUENTE DE LA CATALOGACIÓN | |
| Centro/agencia transcriptor | CHAP |
| 082 ## - NÚMERO DE LA CLASIFICACIÓN DECIMAL DEWEY | |
| Número de clasificación | 658 H47 1980 |
| 100 ## - ENTRADA PRINCIPAL--NOMBRE DE PERSONA | |
| Nombre de persona | Hernández y Rodríguez, Sergio |
| 9 (RLIN) | 54754 |
| 245 ## - MENCIÓN DE TÍTULO | |
| Título | Fundamentos de administración / |
| Mención de responsabilidad, etc. | Sergio Hernández y Rodríguez y Nicolás Ballesteros Inda |
| 260 ## - PUBLICACIÓN, DISTRIBUCIÓN, ETC. | |
| Lugar de publicación, distribución, etc. | México : |
| Nombre del editor, distribuidor, etc. | Interamericana, |
| Fecha de publicación, distribución, etc. | 1980 |
| 300 ## - DESCRIPCIÓN FÍSICA | |
| Extensión | xvi, 421 p. |
| 500 ## - NOTA GENERAL | |
| Nota general | Curso de universidad abierta. Texto apegado a los programas oficiales vigentes |
| 503 ## - NOTA DE HISTORIA BIBLIOGRÁFICA (BK CF MU) [OBSOLETO] | |
| Nota de historia bibliográfica | I. 142727 (ej.1) \ I. 142725 (ej.2) \ I. 142730 (ej.3) \ I. 142728 (ej.4) \ I. 142724 (ej.6) \ I. 142731 (ej.7) |
| 504 ## - NOTA DE BIBLIOGRAFÍA, ETC. | |
| Nota de bibliografía, etc. | Bibliografía: p. 399 |
| 590 ## - NOTA LOCAL (RLIN) | |
| Nota local | HD30 H47 1980 |
| 650 ## - PUNTO DE ACCESO ADICIONAL DE MATERIA--TÉRMINO DE MATERIA | |
| Término de materia o nombre geográfico como elemento de entrada | Administración |
| 9 (RLIN) | 918 |
| 650 ## - PUNTO DE ACCESO ADICIONAL DE MATERIA--TÉRMINO DE MATERIA | |
| Término de materia o nombre geográfico como elemento de entrada | Management |
| 9 (RLIN) | 149975 |
| 700 ## - PUNTO DE ACCESO ADICIONAL--NOMBRE DE PERSONA | |
| Nombre de persona | Ballesteros Inda, Nicolás, coaut. |
| 9 (RLIN) | 152570 |
| 901 ## - ELEMENTOS DE DATOS A LOCAL LDA (RLIN) | |
| a | 658 H47 1980 |
| 902 ## - ELEMENTOS DE DATOS B LOCAL, LDB (RLIN) | |
| a | M |
| 905 ## - ELEMENTOS DE DATOS E LOCAL, LDE (RLIN) | |
| a | 5231271980 mx in 8222223322spa16 |
| 942 ## - ELEMENTOS DE PUNTO DE ACCESO ADICIONAL (KOHA) | |
| Tipo de ítem Koha | Libro |
| Fuente del sistema de clasificación o colocación | Dewey Decimal Classification |
| Estado de retiro | Estado de pérdida | Fuente del sistema de clasificación o colocación | Estado dañado | Restricciones de uso | No para préstamo | Código de colección | Localización permanente | Ubicación/localización actual | Fecha de adquisición | Fuente de adquisición | Coste, precio normal de compra | Número de inventario | Total de préstamos | Signatura topográfica completa | Código de barras | Fecha visto por última vez | Fecha del último préstamo | Número de copia | Tipo de ítem Koha |
|---|---|---|---|---|---|---|---|---|---|---|---|---|---|---|---|---|---|---|---|
| Dewey Decimal Classification | Préstamo interno | General | Ingenieria Agroindustrial | Ingenieria Agroindustrial | 08/11/1988 | Compra Librería Patena F. 3000 / R. 21504 (8/Nov/88) | 23264.50 | 142731 | 6 | 658 H47 1980 | dia_002890 | 02/03/2026 | 02/03/2026 | Ej. 5 | Libro | ||||
| Dewey Decimal Classification | Préstamo interno | General | Ingenieria Agroindustrial | Ingenieria Agroindustrial | 08/11/1988 | Compra Librería Patena F. 3000 / R. 21504 (8/Nov/88) | 23264.50 | 142727 | 1 | 658 H47 1980 | dia_002883 | 30/05/2023 | 30/05/2023 | Ej. 1 | Libro | ||||
| Dewey Decimal Classification | Préstamo 5 días | General | Ingenieria Agroindustrial | Ingenieria Agroindustrial | 08/11/1988 | Compra Librería Patena F. 3000 / R. 21504 (8/Nov/88) | 23264.50 | 142725 | 1 | 658 H47 1980 | dia_002884 | 30/05/2023 | 30/05/2023 | Ej. 2 | Libro | ||||
| Dewey Decimal Classification | Préstamo 5 días | General | Ingenieria Agroindustrial | Ingenieria Agroindustrial | 08/11/1988 | Compra Librería Patena F. 3000 / R. 21504 (8/Nov/88) | 23264.50 | 142730 | 658 H47 1980 | dia_002885 | 18/01/2022 | Ej. 3 | Libro | ||||||
| Dewey Decimal Classification | Préstamo 5 días | General | Ingenieria Agroindustrial | Ingenieria Agroindustrial | 08/11/1988 | Compra Librería Patena F. 3000 / R. 21504 (8/Nov/88) | 23264.50 | 142728 | 1 | 658 H47 1980 | dia_002886 | 07/04/2026 | 07/04/2026 | Ej. 4 | Libro | ||||
| Dewey Decimal Classification | Préstamo 5 días | General | Ingenieria Agroindustrial | Ingenieria Agroindustrial | 08/11/1988 | Compra Librería Patena F. 3000 / R. 21504 (8/Nov/88) | 23264.50 | 142726 | 1 | 658 H47 1980 | dia_002888 | 07/04/2026 | 07/04/2026 | Ej. 6 | Libro | ||||
| Dewey Decimal Classification | Préstamo interno | General | Ingenieria Agroindustrial | Ingenieria Agroindustrial | 08/11/1988 | Compra Librería Patena F. 3000 / R. 21504 (8/Nov/88) | 23264.50 | 142724 | 658 H47 1980 | dia_002889 | 18/01/2022 | Ej. 7 | Libro |
